Bibliographies for African studies (Record no. 139659)
[ view plain ]
| 000 -LEADER | |
|---|---|
| campo de control de longitud fija | 00446nam a2200145 4500 |
| 001 - NÚMERO DE CONTROL | |
| campo de control | 139659 |
| 003 - IDENTIFICADOR DE NÚMERO DE CONTROL | |
| campo de control | ES-MaACL |
| 007 - CAMPO FIJO DE DESCRIPCIÓN FÍSICA--INFORMACIÓN GENERAL | |
| campo de control de longitud fija | t| |
| 008 - DATOS DE LONGITUD FIJA--INFORMACIÓN GENERAL | |
| campo de control de longitud fija | 070214s1984 xxk r ||||1| eng d |
| 100 1# - ENTRADA PRINCIPAL--NOMBRE DE PERSONA | |
| Nombre de persona | Scheven, Yvette. |
| 9 (RLIN) | 104324 |
| 245 10 - MENCIÓN DEL TÍTULO | |
| Título | Bibliographies for African studies |
| Resto del título | : 1980-1983 / |
| Mención de responsabilidad, etc. | Yvette Schevern. |
| 260 ## - PUBLICACIÓN, DISTRIBUCIÓN, ETC. | |
| Lugar de publicación, distribución, etc. | Oxford ; |
| -- | München [etc.] : |
| Nombre del editor, distribuidor, etc. | Zell : |
| -- | Saur, |
| Fecha de publicación, distribución, etc. | 1984. |
| 300 ## - DESCRIPCIÓN FÍSICA | |
| Extensión | XIII, 300 p. ; |
| Dimensiones | 22 cm. |
| 852 ## - LOCALIZACIÓN | |
| Ubicación | ES-MaACL |
| Número de control de estantería | L-9842 |
| Sublocalización o colección | R.111986 |
| Estatus retirado | Estado de pérdida | Estado de daño | No para préstamo | Biblioteca de origen | Biblioteca actual | Ubicación en estantería | Fecha de adquisición | Fuente de adquisición | Total de préstamos | Signatura topográfica completa | Código de barras | Visto por última vez | Precio de reemplazo | Tipo de ítem Koha |
|---|---|---|---|---|---|---|---|---|---|---|---|---|---|---|
| Biblioteca del Ateneo de Madrid | Biblioteca del Ateneo de Madrid | Depósito 2 | 17/01/2008 | L-9842 | 1145337 | 23/02/2023 | 23/02/2023 | Libro impreso |
